Demotivation of Medical Staff in the Selected Health Facility in Slovakia
Predstavenie výskumu a zavedenie niektorých opatrení, ktoré by mohli prispieť k zlepšeniu motivačného systému zdravotníckych pracovníkov na Slovensku.
Salvato in:
| Autore principale: | |
|---|---|
| Altri autori: | , , , , |
| Natura: | Capitolo di libro |
| Lingua: | inglese |
| Soggetti: | |
| Tags: |
Nessun Tag, puoi essere il primo ad aggiungerne!!
|
MARC
| LEADER | 00000naa a2200000 4500 | ||
|---|---|---|---|
| 001 | 0264311 | ||
| 005 | 20240502083759.5 | ||
| 041 | 0 | |a eng | |
| 044 | |a CZ | ||
| 245 | 1 | 0 | |a Demotivation of Medical Staff in the Selected Health Facility in Slovakia |c Stanislav Szabo, Bohuslava Mihalčová, Jozef Lukáč, Peter Gallo ml., Veronika Čabinová, Iveta Vajdová |
| 520 | |a Predstavenie výskumu a zavedenie niektorých opatrení, ktoré by mohli prispieť k zlepšeniu motivačného systému zdravotníckych pracovníkov na Slovensku. | ||
| 610 | 2 | 0 | |a zdravotníctvo |
| 610 | 2 | 0 | |a motivácia |
| 610 | 2 | 0 | |a Slovensko |
| 610 | 2 | 0 | |a zdravotníci |
| 100 | 1 | |a Szabo, Stanislav, 1970- | |
| 700 | 1 | |a Mihalčová, Bohuslava, 1963- | |
| 700 | 1 | |a Lukáč, Jozef, 1991- | |
| 700 | 1 | |a Gallo, Peter, ml. | |
| 700 | 1 | |a Čabinová, Veronika | |
| 700 | 1 | |a Vajdová, Iveta | |